[Event "Wch Seniors 65 29th"]
[Site "Bucharest"]
[Date "2019.11.22"]
[Round "10"]
[White "Chirpii, Alexandru"]
[Black "Gibbons, Robert"]
[Result "1/2-1/2"]
[WhiteElo "1697"]
[BlackElo "1891"]
[PlyCount "57"]
[EventDate "2019.11.12"]
[EventType "swiss"]
[EventRounds "11"]
[EventCountry "ROU"]
[SourceTitle "CBM 193 Extra"]
[Source "ChessBase"]
[SourceDate "2020.01.31"]
[SourceVersion "1"]
[SourceVersionDate "2020.01.31"]
[SourceQuality "1"]

1. b4 c6 2. Bb2 Qb6 3. a3 a5 4. Nf3 axb4 5. Bd4 c5 6. Bxc5 Qc7 7. Bxb4 Nc6 8. Nc3 Nf6 9. e3 Nxb4 10. axb4 Rxa1 11. Qxa1 e6 12. Qb1 Qb6 13. b5 d5 14. Be2 Bd6 15. 0-0 0-0 16. Qb2 Bd7 17. Ra1 Rc8 18. h3 h6 19. Ra2 Bb8 20. d4 Qc7 21. Ra3 Ne4 22. b6 Qd6 23. Nb1 Ng5 24. Nbd2 Nxf3+ 25. Nxf3 Rxc2 26. Qxc2 Qxa3 27. Qb1 Qd6 28. g3 Be8 29. Qc2 1/2-1/2

[Event "Wch Seniors 65 29th"]
[Site "Bucharest"]
[Date "2019.11.20"]
[Round "8"]
[White "Choong, Liong On Mark"]
[Black "Chirpii, Alexandru"]
[Result "1/2-1/2"]
[WhiteElo "1921"]
[BlackElo "1697"]
[PlyCount "38"]
[EventDate "2019.11.12"]
[EventType "swiss"]
[EventRounds "11"]
[EventCountry "ROU"]
[SourceTitle "CBM 193 Extra"]
[Source "ChessBase"]
[SourceDate "2020.01.31"]
[SourceVersion "1"]
[SourceVersionDate "2020.01.31"]
[SourceQuality "1"]

1. c4 b6 2. Nc3 c5 3. Nf3 e6 4. d4 cxd4 5. Nxd4 a6 6. e4 Bb7 7. Bd3 Nc6 8. Be3 Bc5 9. Nc2 Nf6 10. Bg5 Be7 11. 0-0 h6 12. Bf4 d6 13. Re1 Nd7 14. Bf1 Nde5 15. Ne3 0-0 16. Rc1 Bf6 17. Qh5 Bg5 18. Bg3 Qf6 19. h4 Bf4 1/2-1/2

[Event "WchT Seniors 50"]
[Site "Vilnius"]
[Date "2014.07.13"]
[Round "1.5"]
[White "Usakovas, Jevgenijus"]
[Black "Chirpii, Alexandru"]
[Result "1-0"]
[WhiteElo "2084"]
[BlackElo "1880"]
[PlyCount "103"]
[EventDate "2014.07.13"]
[EventType "team-swiss"]
[EventRounds "9"]
[EventCountry "LTU"]
[SourceTitle "CBM 161 Extra"]
[Source "ChessBase"]
[SourceDate "2014.08.29"]
[SourceVersion "1"]
[SourceVersionDate "2014.08.29"]
[SourceQuality "1"]
[WhiteTeam "Lithuania Marijampole"]
[BlackTeam "Moldova"]
[WhiteTeamCountry "LTU"]
[BlackTeamCountry "MDA"]

1. e4 e5 2. Nc3 Bc5 3. Nf3 Nc6 4. Nxe5 Nxe5 5. d4 Bd6 6. dxe5 Bxe5 7. f4 Bxc3+ 8. bxc3 d6 9. Bd3 Qh4+ 10. g3 Qh3 11. Bf1 Qe6 12. Bg2 Nf6 13. 0-0 0-0 14. Re1 Qc4 15. Qd3 Qxd3 16. cxd3 Rb8 17. e5 Re8 18. Ba3 dxe5 19. fxe5 Nd7 20. Rab1 h6 21. c4 b6 22. d4 Nf8 23. c5 Bf5 24. Rbc1 Ne6 25. cxb6 axb6 26. d5 Ra8 27. dxe6 Rxa3 28. exf7+ Kxf7 29. Rxc7+ Re7 30. e6+ Kf6 31. Rxe7 Kxe7 32. Bd5 Rd3 33. Bb3 Rd6 34. Kf2 Bxe6 35. Kf3 b5 36. Re5 b4 37. Ke4 g5 38. g4 Kf6 39. Rxe6+ Rxe6+ 40. Bxe6 Kxe6 41. Kd4 Kf6 42. Kc4 Ke5 43. Kxb4 Kf4 44. a4 Kxg4 45. a5 Kh3 46. a6 Kxh2 47. a7 h5 48. a8Q h4 49. Qf3 Kg1 50. Kc4 Kh2 51. Kd4 h3 52. Qg4 1-0

[Event "World Amateur-ch"]
[Site "Iasi"]
[Date "2013.04.29"]
[Round "8"]
[White "Chirpii, Alexandru"]
[Black "Tardi, Oscar"]
[Result "0-1"]
[WhiteElo "1926"]
[BlackElo "1760"]
[PlyCount "70"]
[EventDate "2013.04.22"]
[EventType "swiss"]
[EventRounds "9"]
[EventCountry "ROU"]
[SourceTitle "CBM 154 Extra"]
[Source "ChessBase"]
[SourceDate "2013.06.25"]
[SourceVersion "2"]
[SourceVersionDate "2013.06.25"]
[SourceQuality "1"]

1. b4 e5 2. Bb2 Bxb4 3. Bxe5 Nf6 4. Nf3 Nc6 5. Bb2 d5 6. e3 0-0 7. Be2 Bf5 8. 0-0 Bd6 9. Nc3 a6 10. Nd4 Nxd4 11. exd4 Re8 12. Bf3 c6 13. d3 Qc7 14. g3 Bh3 15. Re1 Rxe1+ 16. Qxe1 Qd7 17. Qd2 Qf5 18. Bh1 h5 19. Re1 h4 20. Ne2 Re8 21. Bc1 Bg4 22. gxh4 Bxe2 23. Rxe2 Qg4+ 24. Kf1 Bxh2 25. Rxe8+ Nxe8 26. Qe3 Nf6 27. Bg2 Bf4 28. Qe1 Bxc1 29. Qxc1 Qxh4 30. Qe3 Qg4 31. f3 Qf5 32. Kg1 Kh8 33. Qd2 Qd7 34. Qb4 Qc7 35. Kf2 Kg8 0-1

[Event "World Amateur-ch"]
[Site "Iasi"]
[Date "2013.04.26"]
[Round "5"]
[White "Cretan, Ioana"]
[Black "Chirpii, Alexandru"]
[Result "1/2-1/2"]
[WhiteElo "1757"]
[BlackElo "1926"]
[PlyCount "126"]
[EventDate "2013.04.22"]
[EventType "swiss"]
[EventRounds "9"]
[EventCountry "ROU"]
[SourceTitle "CBM 154 Extra"]
[Source "ChessBase"]
[SourceDate "2013.06.25"]
[SourceVersion "2"]
[SourceVersionDate "2013.06.25"]
[SourceQuality "1"]

1. d4 b5 2. e3 Bb7 3. Nf3 a6 4. c4 bxc4 5. Bxc4 e6 6. 0-0 Nf6 7. b3 Be7 8. Ba3 0-0 9. Bxe7 Qxe7 10. Nbd2 Nc6 11. Rc1 Rfc8 12. Bd3 Nb4 13. Bb1 c5 14. a3 Nbd5 15. dxc5 Rxc5 16. Rxc5 Qxc5 17. b4 Qc3 18. Nb3 Bc6 19. Qd3 Bb5 20. Qxc3 Nxc3 21. Re1 Rc8 22. Nbd4 Bc4 23. Nd2 Nxb1 24. Nxc4 Rxc4 25. Rxb1 e5 26. Nf3 d6 27. h3 Kf8 28. b5 axb5 29. Rxb5 Ra4 30. Rb8+ Ne8 31. Rb3 Nc7 32. Nd2 Ne6 33. Rb8+ Ke7 34. Rb7+ Ke8 35. Rb8+ Kd7 36. Rb7+ Nc7 37. Nb1 Kc6 38. Rb3 Nb5 39. Kf1 h5 40. Ke2 d5 41. Kd3 f5 42. Kc2 d4 43. Kd2 Kc5 44. exd4+ Rxd4+ 45. Rd3 Nd6 46. Rxd4 Kxd4 47. f3 Nc4+ 48. Ke2 e4 49. fxe4 fxe4 50. a4 e3 51. g3 g5 52. a5 Nxa5 53. Na3 Ke4 54. Nc2 Nc4 55. Ne1 Ne5 56. Ng2 Nf3 57. Nxe3 Ng1+ 58. Kf2 Nxh3+ 59. Ke2 Ng1+ 60. Kf2 Nf3 61. Nc4 Nd4 62. Nd6+ Kd5 63. Nf7 Nc2 1/2-1/2

[Event "World Amateur-ch"]
[Site "Iasi"]
[Date "2013.04.25"]
[Round "4"]
[White "Chirpii, Alexandru"]
[Black "Abdulla, Al Hamed"]
[Result "1-0"]
[WhiteElo "1926"]
[BlackElo "1663"]
[PlyCount "55"]
[EventDate "2013.04.22"]
[EventType "swiss"]
[EventRounds "9"]
[EventCountry "ROU"]
[SourceTitle "CBM 154 Extra"]
[Source "ChessBase"]
[SourceDate "2013.06.25"]
[SourceVersion "2"]
[SourceVersionDate "2013.06.25"]
[SourceQuality "1"]

1. b4 e5 2. Bb2 Bxb4 3. Bxe5 Nf6 4. Nf3 0-0 5. e3 Re8 6. Be2 c5 7. 0-0 Nc6 8. Bb2 d5 9. c3 Ba5 10. d3 Bc7 11. Nbd2 Bg4 12. Re1 Qd6 13. Nf1 Nd7 14. Qa4 Bxf3 15. Bxf3 Nce5 16. Be2 b5 17. Qc2 Re6 18. f4 Nc6 19. Bf3 Rae8 20. g3 Nf6 21. Qg2 Bb6 22. c4 bxc4 23. dxc4 d4 24. e4 Qc7 25. e5 Nd7 26. Bd5 Rg6 27. f5 Rh6 28. e6 1-0

[Event "Kishinev Ghimpu Memorial op"]
[Site "Kishinev"]
[Date "2012.11.14"]
[Round "9"]
[White "Chirpii, Alexandru"]
[Black "Soltanici, Ruslan"]
[Result "0-1"]
[WhiteElo "1954"]
[BlackElo "2401"]
[PlyCount "44"]
[EventDate "2012.11.09"]
[EventType "swiss"]
[EventRounds "9"]
[EventCountry "MDA"]
[SourceTitle "EXT 2014"]
[Source "ChessBase"]
[SourceDate "2013.11.20"]
[SourceVersion "1"]
[SourceVersionDate "2013.11.20"]
[SourceQuality "1"]

1. b4 e5 2. Bb2 f6 3. b5 d5 4. e3 Be6 5. c4 c6 6. bxc6 bxc6 7. cxd5 cxd5 8. Nf3 Bd6 9. Bb5+ Nd7 10. 0-0 Ne7 11. d4 e4 12. Bxd7+ Bxd7 13. Nfd2 Qb8 14. Ba3 Bxh2+ 15. Kh1 Bd6 16. Bxd6 Qxd6 17. Nb3 0-0 18. Nc3 f5 19. g3 f4 20. exf4 Qh6+ 21. Kg1 Qh3 22. Nd2 Bg4 0-1

[Event "Kishinev Ghimpu Memorial op"]
[Site "Kishinev"]
[Date "2012.11.13"]
[Round "7"]
[White "Chirpii, Alexandru"]
[Black "Procop, Egor"]
[Result "0-1"]
[WhiteElo "1954"]
[BlackElo "1957"]
[PlyCount "50"]
[EventDate "2012.11.09"]
[EventType "swiss"]
[EventRounds "9"]
[EventCountry "MDA"]
[SourceTitle "EXT 2014"]
[Source "ChessBase"]
[SourceDate "2013.11.20"]
[SourceVersion "1"]
[SourceVersionDate "2013.11.20"]
[SourceQuality "1"]

1. b4 c5 2. bxc5 e5 3. Bb2 Nc6 4. Nf3 Bxc5 5. e3 d6 6. Bb5 Nge7 7. Nc3 0-0 8. 0-0 a6 9. Ba4 Bg4 10. h3 Bh5 11. Ne4 f5 12. Ng3 Bg6 13. Bb3+ Kh8 14. d4 exd4 15. Nxd4 Bxd4 16. exd4 f4 17. Nh1 f3 18. Ng3 fxg2 19. Kxg2 d5 20. Qd2 Nf5 21. Nxf5 Bxf5 22. Rae1 Qh4 23. Qc3 Be4+ 24. f3 Bf5 25. Rh1 Rad8 0-1

[Event "Kishinev Ghimpu Memorial op"]
[Site "Kishinev"]
[Date "2012.11.12"]
[Round "5"]
[White "Chirpii, Alexandru"]
[Black "Sitov, Daniel"]
[Result "1-0"]
[WhiteElo "1954"]
[BlackElo "1590"]
[PlyCount "59"]
[EventDate "2012.11.09"]
[EventType "swiss"]
[EventRounds "9"]
[EventCountry "MDA"]
[SourceTitle "EXT 2014"]
[Source "ChessBase"]
[SourceDate "2013.11.20"]
[SourceVersion "1"]
[SourceVersionDate "2013.11.20"]
[SourceQuality "1"]

1. d4 d5 2. c4 e6 3. e3 Nf6 4. a3 Nbd7 5. Nf3 dxc4 6. Bxc4 Nb6 7. Nbd2 Nxc4 8. Nxc4 Be7 9. b4 b6 10. 0-0 0-0 11. Qc2 Bb7 12. Nce5 Be4 13. Qc4 Bd5 14. Qe2 a6 15. Bb2 b5 16. Rfc1 Bd6 17. Nc6 Qd7 18. Nfe5 Bxe5 19. Nxe5 Qd6 20. Rc2 Rfc8 21. Rac1 Be4 22. Rc5 Nd7 23. f3 Nxc5 24. dxc5 Bxf3 25. Qxf3 Qe7 26. Qg3 c6 27. Nxc6 Qf8 28. Ne7+ Kh8 29. Nxc8 Rxc8 30. Rd1 1-0

[Event "Kishinev Ghimpu Memorial op"]
[Site "Kishinev"]
[Date "2012.11.09"]
[Round "2"]
[White "Romcovici, Victor"]
[Black "Chirpii, Alexandru"]
[Result "1-0"]
[WhiteElo "2159"]
[BlackElo "1954"]
[PlyCount "81"]
[EventDate "2012.11.09"]
[EventType "swiss"]
[EventRounds "9"]
[EventCountry "MDA"]
[SourceTitle "EXT 2014"]
[Source "ChessBase"]
[SourceDate "2013.11.20"]
[SourceVersion "1"]
[SourceVersionDate "2013.11.20"]
[SourceQuality "1"]

1. e4 e5 2. Nf3 Nf6 3. Nc3 Nc6 4. Bb5 Nd4 5. Bc4 Bc5 6. d3 Nxf3+ 7. Qxf3 c6 8. 0-0 0-0 9. h3 b5 10. Bb3 a5 11. a4 b4 12. Ne2 d5 13. Bg5 Be6 14. Rad1 Be7 15. Ng3 h6 16. Bc1 Qd7 17. Rfe1 d4 18. Bc4 Bxc4 19. dxc4 Qe6 20. Nf5 Kh7 21. b3 Nd7 22. h4 Rg8 23. g4 g5 24. Nxe7 Qxe7 25. Qf5+ Kh8 26. hxg5 hxg5 27. Kg2 Rg6 28. Rh1+ Kg7 29. Rh5 f6 30. Rdh1 Nf8 31. Rh8 Rd8 32. Qf3 Kf7 33. Qf5 Rg7 34. R1h5 Ne6 35. R8h7 Rdg8 36. Bxg5 Ke8 37. Bxf6 Rxg4+ 38. Kf3 Qxf6 39. Qxf6 Rf4+ 40. Qxf4 Nxf4 41. Rxe5+ 1-0

[Event "Yuzhny op"]
[Site "Yuzhny"]
[Date "2010.09.10"]
[Round "6"]
[White "Chirpii, Alexandru"]
[Black "Dzupin, Dmitry"]
[Result "1-0"]
[WhiteElo "1964"]
[BlackElo "2251"]
[PlyCount "101"]
[EventDate "2010.09.07"]
[EventType "swiss"]
[EventRounds "9"]
[EventCountry "UKR"]
[SourceTitle "CBM 138 Extra"]
[Source "ChessBase"]
[SourceDate "2010.10.29"]
[SourceVersion "1"]
[SourceVersionDate "2010.10.29"]
[SourceQuality "1"]

1. b4 d5 2. e3 Nf6 3. Bb2 Bf5 4. Nf3 e6 5. c4 dxc4 6. Bxc4 Bd6 7. a3 Nbd7 8. d4 Qe7 9. Nbd2 e5 10. dxe5 Nxe5 11. Nxe5 Bxe5 12. Qb3 0-0 13. 0-0 Rad8 14. Nf3 Bxb2 15. Qxb2 c5 16. bxc5 Qxc5 17. Rac1 Qe7 18. Rfd1 h6 19. Qe5 Qxe5 20. Nxe5 Be6 21. Bxe6 fxe6 22. h3 Rxd1+ 23. Rxd1 Rc8 24. Rd4 Rc5 25. Nd7 Rc1+ 26. Kh2 Kf7 27. Nxf6 Kxf6 28. Rf4+ Ke7 29. Kg3 Rc5 30. h4 b5 31. a4 Rc4 32. axb5 Rxf4 33. Kxf4 Kd6 34. e4 Kc5 35. Ke5 Kxb5 36. Kxe6 a5 37. Kf7 a4 38. e5 a3 39. e6 a2 40. e7 a1Q 41. e8Q+ Kb6 42. Qe6+ Kc5 43. Qf5+ Kc4 44. Qg4+ Kd5 45. Qe6+ Kc5 46. f4 Qf1 47. Qe5+ Kb6 48. Qe3+ Kc7 49. g4 Qh1 50. Qe5+ Kc8 51. Qe8+ 1-0

[Event "Kishinev ULIM op"]
[Site "Kishinev"]
[Date "2007.10.07"]
[Round "2"]
[White "Chirpii, Alexandru"]
[Black "Vavric, Pavel"]
[Result "0-1"]
[WhiteElo "2016"]
[BlackElo "2206"]
[PlyCount "78"]
[EventDate "2007.10.06"]
[EventType "swiss"]
[EventRounds "9"]
[EventCountry "MDA"]
[SourceTitle "EXT 2008"]
[Source "ChessBase"]
[SourceDate "2007.11.25"]
[SourceVersion "1"]
[SourceVersionDate "2007.11.25"]
[SourceQuality "1"]

1. b4 e5 2. Bb2 Bxb4 3. Bxe5 Nf6 4. c4 0-0 5. e3 d5 6. cxd5 Nbd7 7. Bc3 Bd6 8. Nf3 Nxd5 9. Be2 b6 10. 0-0 Bb7 11. Qc2 Re8 12. d3 N7f6 13. Re1 Qe7 14. Nbd2 Ng4 15. e4 Nxc3 16. Qxc3 Rad8 17. h3 Ne5 18. Rab1 c5 19. Qb3 Nc6 20. Nc4 Bb8 21. Ne3 Qc7 22. Nf5 g6 23. Nh6+ Kg7 24. Ng4 h5 25. Ngh2 Nd4 26. Qc3 Kg8 27. Qb2 Nxe2+ 28. Qxe2 Qd6 29. Rbd1 Ba6 30. e5 Qf8 31. Qe4 Re7 32. d4 cxd4 33. Rxd4 Bb7 34. Rxd8 Qxd8 35. Qh4 Re8 36. Qa4 Qc8 37. Rd1 Bc6 38. Qd4 Qe6 39. Qc3 b5 0-1

[Event "Kishinev ULIM Cup"]
[Site "Kishinev"]
[Date "2005.10.09"]
[Round "2"]
[White "Hamitevici, Vladimir"]
[Black "Chirpii, Alexandru"]
[Result "1-0"]
[WhiteElo "2284"]
[BlackElo "1969"]
[PlyCount "51"]
[EventDate "2005.10.08"]
[EventType "swiss"]
[EventRounds "9"]
[EventCountry "MDA"]
[SourceTitle "CBM 108 Extra"]
[Source "ChessBase"]
[SourceDate "2005.11.04"]
[SourceVersion "1"]
[SourceVersionDate "2005.11.04"]
[SourceQuality "1"]

1. e4 e5 2. Nf3 Nc6 3. Bb5 Nd4 4. Nxd4 exd4 5. 0-0 c6 6. Ba4 Nf6 7. d3 d5 8. Re1 dxe4 9. dxe4 Be7 10. e5 Ng8 11. Bb3 Bf5 12. Qf3 g6 13. c3 Bc5 14. Rd1 Qb6 15. Bg5 Ne7 16. Bf6 Rg8 17. Nd2 dxc3 18. Nc4 Qa6 19. bxc3 Nd5 20. Rxd5 cxd5 21. Qxd5 Rc8 22. Nd6+ Kd7 23. Ne8+ Bd6 24. Ba4+ Rc6 25. Qxd6+ Kc8 26. Qd8# 1-0

[Event "Eforie Nord op"]
[Site "Eforie Nord"]
[Date "2002.??.??"]
[Round "1"]
[White "Chirpii, Alexandru"]
[Black "Geanta, Horia"]
[Result "1-0"]
[WhiteElo "2150"]
[BlackElo "2313"]
[PlyCount "73"]
[EventDate "2002.??.??"]
[EventType "swiss"]
[EventRounds "11"]
[EventCountry "ROU"]
[SourceTitle "EXT 2003"]
[Source "ChessBase"]
[SourceDate "2002.11.25"]
[SourceVersion "1"]
[SourceVersionDate "2002.11.25"]
[SourceQuality "1"]

1. b4 c6 2. e3 d5 3. Bb2 Qb6 4. a3 Nd7 5. Nf3 Ngf6 6. c4 dxc4 7. Bxc4 e6 8. Qb3 Be7 9. Nc3 a5 10. Na4 Qd8 11. b5 cxb5 12. Bxb5 0-0 13. 0-0 Nb6 14. Nxb6 Qxb6 15. Bd4 Bc5 16. Bxf6 gxf6 17. d4 Be7 18. Rab1 a4 19. Qd3 Qd6 20. Rb4 Bd7 21. Bxd7 Qxd7 22. Rb6 Rfc8 23. Rfb1 Rc6 24. R6b5 Rac8 25. g3 Rc1+ 26. Kg2 R8c3 27. Qe4 f5 28. Qf4 Rxb1 29. Rxb1 Rxa3 30. Qb8+ Bf8 31. Rxb7 Qc6 32. Qa7 f4 33. Rxf7 e5 34. Rxh7 Qg6 35. Rh4 e4 36. Ne5 f3+ 37. Kh3 1-0

[Event "Eforie Nord op"]
[Site "Eforie Nord"]
[Date "2002.??.??"]
[Round "2"]
[White "Chirpii, Alexandru"]
[Black "Orlinkov, Maxim L"]
[Result "0-1"]
[WhiteElo "2150"]
[BlackElo "2333"]
[PlyCount "99"]
[EventDate "2002.??.??"]
[EventType "swiss"]
[EventRounds "11"]
[EventCountry "ROU"]
[SourceTitle "EXT 2003"]
[Source "ChessBase"]
[SourceDate "2002.11.25"]
[SourceVersion "1"]
[SourceVersionDate "2002.11.25"]
[SourceQuality "1"]

1. b4 e5 2. Bb2 d6 3. e3 f5 4. f4 e4 5. c4 Nf6 6. Bxf6 Qxf6 7. Nc3 c6 8. Nge2 Be7 9. Nd4 Qg6 10. Rb1 0-0 11. b5 c5 12. Nde2 Be6 13. Nd5 Bxd5 14. cxd5 Nd7 15. Nc3 Bh4+ 16. g3 Bxg3+ 17. hxg3 Qxg3+ 18. Ke2 Qf3+ 19. Ke1 Qxh1 20. Qe2 Rf6 21. b6 a6 22. Qc4 Rg6 23. Kd1 h5 24. Kc2 Rg1 25. Qa4 Nf6 26. Bb5 Rxb1 27. Nxb1 h4 28. Bc6 h3 29. Bxb7 Rf8 30. Qxa6 Nd7 31. Bc8 Nxb6 32. Be6+ Kh7 33. Qxb6 Qf1 34. Qxd6 Qd3+ 35. Kb2 Qb5+ 36. Kc2 Qd3+ 37. Kb2 Qb5+ 38. Kc2 Rb8 39. Bxf5+ Kh8 40. Nc3 Qb2+ 41. Kd1 h2 42. Bxe4 Qa1+ 43. Ke2 Re8 44. Qc6 Rxe4 45. Qc8+ Kh7 46. Qh3+ Kg8 47. Qxh2 Rb4 48. Qh3 Qg1 49. Qc8+ Kh7 50. Qf5+ 0-1